The religion of truth / (Запис № 542899)
[ простий вигляд ]
| 000 -LEADER | |
|---|---|
| fixed length control field | 01109cam a2200253M 4500 |
| 001 - CONTROL NUMBER | |
| control field | religionoftruth00omar |
| 003 - CONTROL NUMBER IDENTIFIER | |
| control field | CaSfIA |
| 005 - DATE AND TIME OF LATEST TRANSACTION | |
| control field | 20210118214719.0 |
| 007 - PHYSICAL DESCRIPTION FIXED FIELD--GENERAL INFORMATION | |
| fixed length control field | cr|||| |
| 008 - FIXED-LENGTH DATA ELEMENTS--GENERAL INFORMATION | |
| fixed length control field | 080312s1992 su 000 0 eng d |
| 040 ## - CATALOGING SOURCE | |
| Original cataloging agency | AU@ |
| Transcribing agency | AU@ |
| Modifying agency | CaSfIA |
| 035 ## - SYSTEM CONTROL NUMBER | |
| System control number | (OCoLC)271766934 |
| 029 0# - (OCLC) | |
| OCLC library identifier | AU@ |
| System control number | 000042812089 |
| 100 1# - MAIN ENTRY--PERSONAL NAME | |
| Personal name | Omar, Abdul Rahman Ben Hammad al- |
| 245 14 - TITLE STATEMENT | |
| Title | The religion of truth / |
| Medium | [electronic resource] |
| Statement of responsibility, etc | Abdul Rahman Ben Hammad al- Omar. |
| 246 3# - VARYING FORM OF TITLE | |
| Title proper/short title | Din al-haqq |
| 260 ## - PUBLICATION, DISTRIBUTION, ETC. (IMPRINT) | |
| Place of publication, distribution, etc | Riyadh : |
| Name of publisher, distributor, etc | Presidency of Islamic Researches Ifta and Propagation, |
| Date of publication, distribution, etc | 1992. |
| 300 ## - PHYSICAL DESCRIPTION | |
| Extent | 115 p. ; |
| Dimensions | 17 cm. |
| 500 ## - GENERAL NOTE | |
| General note | Arabische titel: Din al-haqq. |
| 506 ## - RESTRICTIONS ON ACCESS NOTE | |
| Standardized terminology for access restriction | Необхідна авторизація на https://archive.org/ (створення облікового запису безкоштовно) |
| 506 ## - RESTRICTIONS ON ACCESS NOTE | |
| Standardized terminology for access restriction | Необхідна авторизація на https://openlibrary.org/ (створення облікового запису безкоштовно) |
| 856 41 - ELECTRONIC LOCATION AND ACCESS | |
| Uniform Resource Identifier | <a href="http://www.archive.org/details/religionoftruth00omar">http://www.archive.org/details/religionoftruth00omar</a> |
| Public note | Free eBook from the Internet Archive |
| 942 ## - ADDED ENTRY ELEMENTS (KOHA) | |
| Koha item type | ЕКнига |
Немає доступних примірників.